• 首页
  • 本馆介绍
  • 公告通知
  • 最新文献
  • 馆藏检索
  • 电子资源
  • 读者导购
  • 参考咨询
  • 我的图书馆
  • 登录
  • 详细信息显示
  • 放入我的书架
  • 预约/预借图书
  • 作者相关作品
  • 分类相关作品
  • 丛书相关作品
  • 出版社相关作品

书目信息

  • 表格格式
  • 工作单格式
  • 卡片格式
题名:
包装设计项目化教程
    
 
作者: 沈卓娅 , 谢丽平 主编
分册:  
出版信息: 北京   高等教育出版社  2014
页数: 169页
开本: 28cm
丛书名:
单 册:
中图分类: TB482
科图分类:
主题词: 包装设计--职业教育--教材
电子资源:
ISBN: 978-7-04-038584-7
000 01013nam0 2200253 450
001 0103331477
005 20150205135726.0
010    @a978-7-04-038584-7@dCNY37.80
100    @a20141127d2014 em y0chiy0120 ea
101 0  @achi
102    @aCN@b110000
105    @aa z 000yy
106    @ar
200 1  @a包装设计项目化教程@9Bao Zhuang She Ji Xiang Mu Hua Jiao Cheng @f沈卓娅,谢丽平主编@b专著
210    @a北京@c高等教育出版社@d2014
215    @a169页@c彩图@d28cm
300    @a“十二五”职业教育国家规划教材 平面艺术设计系列 国家级精品资源共享课立项课程配套教材
330    @a本书以包装设计流程为主线,以模块式体例进行编写,内容包括概念认知与项目解读、市场营销与定位策略、思路讨论与构思设计、方案设计与表现形式,正稿输出与成品制作、项目交流与成绩评定、任务实操示范案例七个模块。
606 0  @a包装设计@x职业教育@j教材
690    @aTB482@v5
701  0 @a沈卓娅@c(女,@f1961~)@9shen zhuo ya@4主编
701  0 @a谢丽平@9xie li ping@4主编
801  0 @aCN@bZL@c20140924
905    @aBZT@dTB482@e9@f1@sTB482/9
    
    包装设计项目化教程/沈卓娅,谢丽平主编.-北京:高等教育出版社,2014
    169页:彩图;28cm
    “十二五”职业教育国家规划教材 平面艺术设计系列 国家级精品资源共享课立项课程配套教材
    
    ISBN 978-7-04-038584-7:CNY37.80
    本书以包装设计流程为主线,以模块式体例进行编写,内容包括概念认知与项目解读、市场营销与定位策略、思路讨论与构思设计、方案设计与表现形式,正稿输出与成品制作、项目交流与成绩评定、任务实操示范案例七个模块。
●
相关链接 在五车中查询图书 在当当中查询图书 在豆瓣中查询图书


正题名:包装设计项目化教程     索取号:TB482/9         预约/预借

序号 登录号 条形码 馆藏地/架位号 状态 备注
1 2000007566   2000007566   旧书回溯/ [索取号:TB482/9] 在馆    
山东省滨州职业学院图书馆 欢迎您!
大连网信软件有限公司© 版权所有